ओउम सांख्यदर्शनम / (Record no. 121673)

MARC details
000 -LEADER
fixed length control field 01068nam a22002537a 4500
005 - DATE AND TIME OF LATEST TRANSACTION
control field 20170124103218.0
010 ## - LIBRARY OF CONGRESS CONTROL NUMBER
LC control number 564885
020 ## - INTERNATIONAL STANDARD BOOK NUMBER
Terms of availability 08.00
035 ## - SYSTEM CONTROL NUMBER
System control number 564885
037 ## - SOURCE OF ACQUISITION
Source of stock number/acquisition Cen Lib/Ret
040 ## - CATALOGING SOURCE
Original cataloging agency DPL
Language of cataloging HN
082 ## - DEWEY DECIMAL CLASSIFICATION NUMBER
Classification number 181.43
Item number ओउम
110 ## - MAIN ENTRY--CORPORATE NAME
Corporate name or jurisdiction name as entry element गाजियाबाद.श्री स्वामी विज्ञानानन्द सरस्वती
9 (RLIN) 100230
245 ## - TITLE STATEMENT
Title ओउम सांख्यदर्शनम /
246 ## - VARYING FORM OF TITLE
Title proper/short title Om sankhyadarsham /
260 ## - PUBLICATION, DISTRIBUTION, ETC. (IMPRINT)
Place of publication, distribution, etc गाजियाबाद
Name of publisher, distributor, etc श्री स्वामी विज्ञानानन्द सरस्वती
Date of publication, distribution, etc 1000
270 ## - ADDRESS
City गाजियाबाद
Address अध्यक्ष-विरजानन्द वैदिक संस्थान
300 ## - PHYSICAL DESCRIPTION
Extent 356पृ.
Dimensions 20सेमी(सजिल्द)
650 ## - SUBJECT ADDED ENTRY--TOPICAL TERM
Topical term or geographic name as entry element पूर्वी दर्शन
9 (RLIN) 100231
650 ## - SUBJECT ADDED ENTRY--TOPICAL TERM
Topical term or geographic name as entry element दर्शन
9 (RLIN) 100232
650 ## - SUBJECT ADDED ENTRY--TOPICAL TERM
Topical term or geographic name as entry element Eastern philosophy
9 (RLIN) 88693
650 ## - SUBJECT ADDED ENTRY--TOPICAL TERM
Topical term or geographic name as entry element Philosophy
9 (RLIN) 100233
942 ## - ADDED ENTRY ELEMENTS (KOHA)
Source of classification or shelving scheme Dewey Decimal Classification
Koha item type Hindi Books
Classification part 181.43
Call number suffix ओउम
Holdings
Withdrawn status Lost status Damaged status Not for loan Home library Current library Date acquired Source of acquisition Cost, normal purchase price Total Checkouts Full call number Barcode Date last seen Copy number Cost, replacement price Price effective from Koha item type
        Central Library Central Library 12/10/2015 Cen Lib/Ret 8.00   181.43 ओउम 564885 12/10/2015 1 8.00 12/10/2015 Hindi Books

© Delhi Public Library
Hit Counter
free hit counter